Ekonomická analýza podniku praktikum

Saved in:
Bibliographic Details
Main Author: Kostková, Albína, 1951-
Corporate Author: Ekonomická univerzita v Bratislave. Podnikovohospodárska fakulta so sídlom v Košiciach
Other Authors: Bobáková, Viktória, Czillingová, Jana, Gallová, Jana, Gazdagová, Eva, 1957-
Format: Book
Language:Slovak
Published: Bratislava Vydavateľstvo EKONÓM 2007
Subjects:
Tags: Add Tag
No Tags, Be the first to tag this record!

MARC

LEADER 00000nam$a2200000$$$4500
001 0054919
005 20240502071629.8
020 |a 978-80-225-2251-9 
020 |a 80-225-2251-1 
041 0 |a slo 
044 |a SK 
245 1 0 |a Ekonomická analýza podniku  |b praktikum  |c Albína Kostková a kolektív 
264 1 |a Bratislava  |b Vydavateľstvo EKONÓM  |c 2007 
300 |a 189 s. [8,452 AH] 
610 2 0 |a podnik 
610 2 0 |a analýza ekonomická 
610 2 0 |a ukazovatele 
610 2 0 |a kvantifikácia 
610 2 0 |a analýza finančná 
610 2 0 |a hodnota podniku 
610 2 0 |a hodnota trhová 
610 2 0 |a cash flow 
610 2 0 |a výroba 
610 2 0 |a tržby 
610 2 0 |a výsledok hospodársky 
610 2 0 |a transformácia 
610 2 0 |a ukazovatele efektívnosti 
610 2 0 |a výrobky 
610 2 0 |a trh 
610 2 0 |a práca 
610 2 0 |a majetok hmotný 
610 2 0 |a majetok obežný 
610 2 0 |a náklady 
100 1 |a Kostková, Albína, 1951- 
700 1 |a Bobáková, Viktória 
700 1 |a Czillingová, Jana 
700 1 |a Gallová, Jana 
700 1 |a Gazdagová, Eva, 1957- 
710 2 |a Ekonomická univerzita v Bratislave. Podnikovohospodárska fakulta so sídlom v Košiciach